Introduction to polymers (Record no. 131)

000 -LEADER
fixed length control field 00545nam a2200217 a 4500
001 - CONTROL NUMBER
control field 131
003 - CONTROL NUMBER IDENTIFIER
control field BD-DhUET
008 - FIXED-LENGTH DATA ELEMENTS--GENERAL INFORMATION
fixed length control field 111125s2011 flua b 001 0 eng
020 ## - INTERNATIONAL STANDARD BOOK NUMBER
International Standard Book Number 9780849339295
040 ## - CATALOGING SOURCE
Original cataloging agency DLC
Transcribing agency DLC
Modifying agency BD-DhUET
082 00 - DEWEY DECIMAL CLASSIFICATION NUMBER
Classification number 620.192
Item number YOU/2011
100 1# - MAIN ENTRY--PERSONAL NAME
Personal name Young, Robert J.
245 10 - TITLE STATEMENT
Title Introduction to polymers
250 ## - EDITION STATEMENT
Edition statement 3rd ed.
260 ## - PUBLICATION, DISTRIBUTION, ETC. (IMPRINT)
Place of publication, distribution, etc. Boca Raton
Name of publisher, distributor, etc. CRC Press
Date of publication, distribution, etc. 2011
300 ## - PHYSICAL DESCRIPTION
Extent xx, 668 p.
504 ## - BIBLIOGRAPHY, ETC. NOTE
Bibliography, etc Includes bibliographies
650 #0 - SUBJECT ADDED ENTRY--TOPICAL TERM
Topical term or geographic name as entry element Polymers and polimerization
700 1# - ADDED ENTRY--PERSONAL NAME
Personal name Lovell, P. A.
942 ## - ADDED ENTRY ELEMENTS (KOHA)
Koha item type General Book
Holdings
Shelving location Lost status Piece designation (barcode) Location (home branch) Koha date last borrowed Koha normalized classification for sorting Withdrawn status Damaged status Sublocation or collection (holding branch) Source of classification or shelving scheme Copy number Date acquired Not for loan Koha date last seen Price effective from Koha item type Koha full call number Koha issues (times borrowed)
Circulation section 110439Central Library, BUET2024-01-13620_000000000000000_192YOU2011  Central Library, BUET 12014-07-15 2024-01-222014-07-15General Book620.192/YOU/20111
Circulation section 112578Central Library, BUET 620_192000000000000_YOU_2011  Central Library, BUET 22014-11-09 2014-11-092014-11-09General Book620.192/YOU/2011 
Circulation section 110440Central Library, BUET 620_192000000000000_YOU_2011  Central Library, BUET 32012-05-08 2018-05-202018-05-20General Book620.192/YOU/2011